Genetic analysis of behaviour sand ecological trait variability in drosophila (Record no. 124228)

MARC details
000 -LEADER
fixed length control field 00349nam a2200133Ia 4500
008 - FIXED-LENGTH DATA ELEMENTS--GENERAL INFORMATION
fixed length control field 230917s9999||||xx |||||||||||||| ||und||
040 ## - CATALOGING SOURCE
-- 107504
Original cataloging agency VIVEKANANDA LIBRARY
041 ## - Language
-- English
082 ## - DDC NUMBER
Classification number 570.1 S84G
100 ## - MAIN ENTRY--PERSONAL NAME
Personal name Shuriti
245 #0 - TITLE STATEMENT
Title Genetic analysis of behaviour sand ecological trait variability in drosophila
300 ## - PHYSICAL DESCRIPTION
Pages xv p.
942 ## - ADDED ENTRY ELEMENTS (KOHA)
Koha item type Thesis
Holdings
Withdrawn status Lost status Damaged status Not for loan Location (home branch) Sublocation or collection (holding branch) Date acquired Koha issues (times borrowed) Koha full call number Accession No. Koha date last seen Koha item type
        VIVEKANANDA LIBRARY VIVEKANANDA LIBRARY 14/07/2005   570.1 S84G 220032 17/09/2023 Thesis
© Designed and Maintained by Vivekananda Library, MDU Rohtak